UBT Library

Statistics for the Behavioral Sciences (Record no. 51041)

000 -LEADER
fixed length control field 00311nam a22001337a 4500
008 - FIXED-LENGTH DATA ELEMENTS--GENERAL INFORMATION
fixed length control field 181029b xxu||||| |||| 00| 0 eng d
020 ## - INTERNATIONAL STANDARD BOOK NUMBER
International Standard Book Number 9780314599964
041 ## - LANGUAGE CODE
Language code of text/sound track or separate title eng
080 ## - UNIVERSAL DECIMAL CLASSIFICATION NUMBER
Universal Decimal Classification number 311
100 ## - Rafti
Rafti 51
101 ## - Shkurtesa
Shkurtesa STA
245 ## - TITLE STATEMENT
Title Statistics for the Behavioral Sciences
Statement of responsibility, etc Gravetter F,J
942 ## - ADDED ENTRY ELEMENTS (KOHA)
Source of classification or shelving scheme
Item type Books
Holdings
Withdrawn status Lost status Source of classification or shelving scheme Damaged status Not for loan Collection code Permanent location Current location Shelving location Date acquired Total Checkouts Full call number Barcode Date last seen Price effective from Koha item type
          Koleksioni i përgjithshem UBT - Lipjan UBT - Lipjan Koleksioni i përgjithshem 10/29/2018   311 GRA 002-3015967 10/29/2018 10/29/2018 Books
UBT Library © 2015-2024. All rights reserved University Education for Business and Technology